[Event "Pontevedra op 3rd"]
[Site "Pontevedra"]
[Date "2015.08.13"]
[Round "7"]
[White "Santiago Pereira, Miguel Angel"]
[Black "Guerra Bastida, Diego"]
[Result "0-1"]
[WhiteElo "1952"]
[BlackElo "2304"]
[PlyCount "62"]
[EventDate "2015.08.09"]
[EventType "swiss"]
[EventRounds "9"]
[EventCountry "ESP"]
[SourceTitle "EXT 2016"]
[Source "ChessBase"]
[SourceDate "2015.10.08"]
[SourceVersion "1"]
[SourceVersionDate "2015.10.08"]
[SourceQuality "1"]

1. e4 c5 2. Nf3 d6 3. d4 cxd4 4. Nxd4 Nf6 5. Nc3 a6 6. f3 e5 7. Nb3 Be6 8. Be3 Be7 9. Qd2 0-0 10. 0-0-0 a5 11. a4 Nc6 12. g4 Nb4 13. g5 Nh5 14. Nd5 Nxd5 15. exd5 Bd7 16. Kb1 Bxa4 17. Nc1 Bd7 18. Bd3 g6 19. Ne2 a4 20. Ng3 Nf4 21. Bxf4 exf4 22. Ne4 a3 23. b3 a2+ 24. Kb2 Bxg5 25. Nxg5 Qxg5 26. h4 Qe5+ 27. c3 b5 28. Rde1 Qxd5 29. h5 Qf5 30. Rd1 a1Q+ 31. Rxa1 Rxa1 0-1

[Event "Pontevedra op 3rd"]
[Site "Pontevedra"]
[Date "2015.08.11"]
[Round "4"]
[White "Guerra Bastida, Diego"]
[Black "Espineira Gonzalez, Diego Adrian"]
[Result "1/2-1/2"]
[WhiteElo "2304"]
[BlackElo "2380"]
[PlyCount "93"]
[EventDate "2015.08.09"]
[EventType "swiss"]
[EventRounds "9"]
[EventCountry "ESP"]
[SourceTitle "EXT 2016"]
[Source "ChessBase"]
[SourceDate "2015.10.08"]
[SourceVersion "1"]
[SourceVersionDate "2015.10.08"]
[SourceQuality "1"]

1. d4 e6 2. Nf3 Nf6 3. g3 d5 4. c4 Be7 5. Bg2 0-0 6. 0-0 c6 7. Qc2 Ne4 8. b3 Nd7 9. Ba3 Bxa3 10. Nxa3 Qe7 11. Qb2 b6 12. b4 Bb7 13. Rfc1 a5 14. b5 c5 15. cxd5 exd5 16. dxc5 Ndxc5 17. Nc2 Rfe8 18. Ncd4 g6 19. Nc6 Bxc6 20. bxc6 Rac8 21. Qxb6 a4 22. Rab1 Qd6 23. c7 Qxb6 24. Rxb6 Rxc7 25. Nd4 Rcc8 26. Bh3 f5 27. Rb5 Nd7 28. Rxc8 Rxc8 29. Rxd5 Rc1+ 30. Kg2 Ndf6 31. Ra5 Rc4 32. Ra8+ Kf7 33. Ra7+ Ke8 34. e3 Rb4 35. Rc7 Rb2 36. Rc2 a3 37. Kg1 Nd5 38. Bf1 Nb4 39. Rc7 Nd6 40. Nb5 Kd8 41. Rxh7 Nxb5 42. Bxb5 Nxa2 43. Bc4 Nc3 44. Rg7 a2 45. Bxa2 Rxa2 46. Rxg6 Ne4 47. Rg7 1/2-1/2

[Event "Pontevedra op 3rd"]
[Site "Pontevedra"]
[Date "2015.08.11"]
[Round "5"]
[White "Kantans, Toms"]
[Black "Guerra Bastida, Diego"]
[Result "1-0"]
[WhiteElo "2481"]
[BlackElo "2304"]
[PlyCount "47"]
[EventDate "2015.08.09"]
[EventType "swiss"]
[EventRounds "9"]
[EventCountry "ESP"]
[SourceTitle "EXT 2016"]
[Source "ChessBase"]
[SourceDate "2015.10.08"]
[SourceVersion "1"]
[SourceVersionDate "2015.10.08"]
[SourceQuality "1"]

1. e4 d6 2. d4 Nf6 3. Nc3 g6 4. f4 Bg7 5. Nf3 0-0 6. e5 Nfd7 7. h4 c5 8. h5 cxd4 9. hxg6 hxg6 10. Qxd4 Nc6 11. Qf2 dxe5 12. Qh4 Nf6 13. fxe5 Nh5 14. g4 Nd4 15. Nxd4 Qxd4 16. gxh5 Qxe5+ 17. Be2 Bf5 18. hxg6 Bxg6 19. Bf4 Qf5 20. Bd3 Qe6+ 21. Ne2 f5 22. Bh6 Rfc8 23. Bxg7 Kxg7 24. 0-0-0 1-0

[Event "Ourense Campus 2nd"]
[Site "Ourense"]
[Date "2015.07.09"]
[Round "5.3"]
[White "Guerra Bastida, Diego"]
[Black "Larino Nieto, David"]
[Result "0-1"]
[WhiteElo "2319"]
[BlackElo "2451"]
[PlyCount "84"]
[EventDate "2015.07.06"]
[EventType "swiss"]
[EventRounds "9"]
[EventCountry "ESP"]
[SourceTitle "EXT 2024"]
[Source "ChessBase"]
[SourceDate "2023.10.10"]
[SourceVersion "1"]
[SourceVersionDate "2023.10.10"]
[SourceQuality "1"]

1. Nf3 g6 2. d4 Bg7 3. g3 b6 4. Bg2 Bb7 5. 0-0 c5 6. d5 Nf6 7. c4 e6 8. Nc3 exd5 9. cxd5 d6 10. Qa4+ Qd7 11. Qxd7+ Nbxd7 12. e4 Ng4 13. Bf4 Nge5 14. Nb5 Ke7 15. Bg5+ f6 16. Bf4 Rhc8 17. Bxe5 Nxe5 18. Nxe5 fxe5 19. Bh3 Rg8 20. Nc7 Rab8 21. a4 a6 22. Ra3 Kd8 23. Ne6+ Ke7 24. Nc7 Kd8 25. Ne6+ Ke7 26. Nc7 Bh6 27. Kg2 Rgf8 28. Rb3 Bc8 29. Bxc8 Rfxc8 30. Ne6 c4 31. Ra3 Bd2 32. f4 Kf6 33. Raf3 b5 34. axb5 Rxb5 35. fxe5+ Kxe5 36. Rf7 Kxe4 37. Rxh7 Rxb2 38. Kh3 Kxd5 39. Rf6 c3 40. Rd7 Ke5 41. Rxg6 Kf5 42. Rdg7 Rh8+ 0-1